000
00350nam a2200133 a 4500
005
20140414131905.0
008
100927s19uu xx 00 eng d
050
_a
FIC
_b
B22 2001
100
_a
Banks, Steven
245
_a
Double trouble.
260
_a
New York :
_b
Simon spotlight / Nickelodeon,
_c
2001.
440
_a
Adventures #1
999
_c
110899
_d
110899